header

Images of a complex world (Record no. 21400)

MARC details
000 -LEADER
fixed length control field 01546nam a2200421Ia 4500
082 04 - DEWEY DECIMAL CLASSIFICATION NUMBER
Classification number 003/.857
100 1# - MAIN ENTRY--AUTHOR NAME
Personal name Chapman, Robin S.
245 10 - TITLE STATEMENT
Title Images of a complex world
260 ## - PUBLICATION, DISTRIBUTION, ETC. (IMPRINT)
Place of publication River Edge, NJ :
Name of publisher World Scientific,
Year of publication c2005.
300 ## - PHYSICAL DESCRIPTION
Number of Pages xvi, 175 p. :
Other physical details col. ill.
650 #0 - SUBJECT ADDED ENTRY--TOPICAL TERM
Topical Term Dynamics.
Topical Term Chaotic behavior in systems.
Topical Term Fractals.
Topical Term Nonlinear theories.
Topical Term Mathematics in art.
Topical Term Mathematics in literature.
Topical Term Digital art.
700 1# - ADDED ENTRY--PERSONAL NAME
Personal name Sprott, Julien C.
856 40 - ELECTRONIC LOCATION AND ACCESS
Uniform Resource Identifier http://site.ebrary.com/lib/rucke/Doc?id=10698971

No items available.

© 2026 Rongo University
Contact us: librarian | system librarian | Rongo university